Diagnostika riadiacich systémov s využitím inteligentných prevádzkových prístrojov

Na minha lista:
Detalhes bibliográficos
Autor principal: Ševčík, Lukáš, 1989- (Author)
Outros Autores: Juhás, Martin, 1968- (Thesis advisor)
Formato: Manuscrito Livro
Idioma:eslovaco
Publicado em: Bratislava : STU v Bratislave SjF, 2013
Assuntos:
Acesso em linha:VAIS
Tags: Adicionar Tag
Sem tags, seja o primeiro a adicionar uma tag!

MARC

LEADER 00000ntm a22000003a 4500
001 stu286862
005 20150617230257.2
008 140321s2013----xo------------------slo-d
040 |a STU  |b slo 
041 0 |a slo 
044 |a xo 
100 1 |a Ševčík, Lukáš,  |d 1989-  |4 aut  |u J  |T SjF Strojnícka fakulta  |X 59189  |U J  |Y 20  |7 A000059189 
242 0 0 |a Diagnostics of control systems by using of the smart field devices  |y eng 
245 1 |a Diagnostika riadiacich systémov s využitím inteligentných prevádzkových prístrojov 
260 |a Bratislava :  |b STU v Bratislave SjF,  |c 2013 
650 7 |a Automation and Informatics of Machines and Processes  |2 estusub 
650 7 |a diagnostika  |2 stusub 
650 7 |a automatizácia a informatizácia strojov a procesov  |2 stusub 
700 1 |a Juhás, Martin,  |d 1968-  |4 ths  |u J0020  |U SjF Strojnícka fakulta  |T SjF Ústav automatizácie, merania a aplikovanej informatiky  |X 2316  |U J0020  |Y 802  |7 A000002316 
856 4 |a info a plný text  |u http://is.stuba.sk/zp/portal_zp.pl?podrobnosti=94963  |3 VAIS